Normal view MARC view
  • Building Control Performance Standards Advisory Group

Entry Corporate Name

Number of records used in: 1

001 - CONTROL NUMBER

  • control field: 5043

003 - CONTROL NUMBER IDENTIFIER

  • control field: OSt

005 - DATE AND TIME OF LATEST TRANSACTION

  • control field: 20190806150239.0

008 - FIXED-LENGTH DATA ELEMENTS

  • fixed length control field: 060919 a

040 ## - CATALOGING SOURCE

  • Original cataloging agency: OSt
  • Transcribing agency: OSt

110 ## - HEADING--CORPORATE NAME

  • Corporate name or jurisdiction name as entry element: Building Control Performance Standards Advisory Group

410 ## - SEE FROM TRACING--CORPORATE NAME

  • Corporate name or jurisdiction name as entry element: BCPSAG

680 ## - PUBLIC GENERAL NOTE

  • Heading or subdivision term: Used for material created by the BCPSAG whose members include the DCLG, the Local Government Association, the Construction Industry Council, the Association of Corporate Approved Inspectors and the Welsh Assembly Government